Applied Numerical Analysis (Record no. 5142)

MARC details
000 -LEADER
fixed length control field 00556nam a2200181Ia 4500
003 - CONTROL NUMBER IDENTIFIER
control field SGT
020 ## - INTERNATIONAL STANDARD BOOK NUMBER
International Standard Book Number 9788131717400
082 ## - DEWEY DECIMAL CLASSIFICATION NUMBER
Classification number 530
Item number GER
100 ## - MAIN ENTRY--PERSONAL NAME
Personal name Gerald,C.F
245 ## - TITLE STATEMENT
Title Applied Numerical Analysis
250 ## - EDITION STATEMENT
Edition statement 7th Ed.
260 ## - PUBLICATION, DISTRIBUTION, ETC. (IMPRINT)
Name of publisher, distributor, etc Pearson
Place of publication, distribution, etc N.Delhi
Year of Publication 2011
300 ## - PAGE DESCRIPTION
No. of Pages 609p.
650 ## - SUBJECT ADDED ENTRY--TOPICAL TERM
Topical term or geographic name as entry element ENGINEERING PHYSICS
653 ## - KEYWORDS--INDEX TERM
Keyword term PRELIMINARIES,SOLVING NONLINEAR EQUATIONS,SOLVING SETS OF EQUATIONS,INTERPOLATION AND CURVE FITTING,APPROXIMATION OF FUNCTIONS.NUMERICAL DIFFERENTIATION AND INTEGRATION
700 ## - ADDED ENTRY--PERSONAL NAME
Personal name Wheatley,P.O
942 ## - ADDED ENTRY ELEMENTS (KOHA)
Source of classification or shelving scheme Dewey Decimal Classification
Koha item type Books
942 ## - ADDED ENTRY ELEMENTS (KOHA)
-- 1
Holdings
Withdrawn status Lost status Source of classification or shelving scheme Damaged status Not for loan Home library Current library Date acquired SGTU Total Checkouts Full call number Accession No. (Barcode) Date last seen Bill Date Koha item type Total Renewals Date last borrowed
    Dewey Decimal Classification     SGT Engineering Library SGT Engineering Library 24/06/2011 SGTU   530 GER FE2850 09/02/2015 09/02/2015 Books    
    Dewey Decimal Classification     SGT Engineering Library SGT Engineering Library 24/06/2011 SGTU   530 GER FE2851 09/02/2015 09/02/2015 Books    
    Dewey Decimal Classification     SGT Engineering Library SGT Engineering Library 24/06/2011 SGTU   530 GER FE2852 09/02/2015 09/02/2015 Books    
    Dewey Decimal Classification     SGT Engineering Library SGT Engineering Library 24/06/2011 SGTU 2 530 GER FE2853 29/01/2018 09/02/2015 Books 1 17/01/2018
    Dewey Decimal Classification     SGT Engineering Library SGT Engineering Library 24/06/2011 SGTU 1 530 GER FE2854 13/03/2019 09/02/2015 Books   13/03/2019
    Dewey Decimal Classification     SGT Engineering Library SGT Engineering Library 24/06/2011 SGTU   530 GER FE2855 09/02/2015 09/02/2015 Books    
    Dewey Decimal Classification     SGT Engineering Library SGT Engineering Library 24/06/2011 SGTU 1 530 GER FE2856 15/03/2018 09/02/2015 Books   21/02/2018
    Dewey Decimal Classification     SGT Engineering Library SGT Engineering Library 24/06/2011 SGTU 1 530 GER FE2857 18/05/2024 09/02/2015 Books   18/05/2024
    Dewey Decimal Classification     SGT Engineering Library SGT Engineering Library 24/06/2011 SGTU   530 GER FE2858 09/02/2015 09/02/2015 Books    
    Dewey Decimal Classification     SGT Engineering Library SGT Engineering Library 24/06/2011 SGTU 1 530 GER FE2859 30/04/2018 09/02/2015 Books   04/04/2018